| 000 -LEADER |
| fixed length control field |
00342nam a2200121Ia 4500 |
| 008 - FIXED-LENGTH DATA ELEMENTS--GENERAL INFORMATION |
| fixed length control field |
190722s9999 xx 000 0 und d |
| 020 ## - INTERNATIONAL STANDARD BOOK NUMBER |
| International Standard Book Number |
978-93-5119-907-6 |
| 100 ## - MAIN ENTRY--PERSONAL NAME |
| Personal name |
DT Editorial Services |
| 245 #0 - TITLE STATEMENT |
| Title |
HTML5 Covers CSS3,JavaScript,XML,XHTML,AJAX,PHP and Jquery |
| 260 ## - PUBLICATION, DISTRIBUTION, ETC. (IMPRINT) |
| Place of publication, distribution, etc |
Delhi |
| Name of publisher, distributor, etc |
Dreamtech Press |
| Date of publication, distribution, etc |
2017 |
| 300 ## - PHYSICAL DESCRIPTION |
| Extent |
1218 |
| 942 ## - ADDED ENTRY ELEMENTS (KOHA) |
| Koha item type |
Books |